1716 1862 1644 1863 1156 1372 1148 1714 1913 1272 1493 1061 1084 1341 1151 1049 1438 1968 1460 1115 1467 1316 1228 1146 1962 1940 1008 1635 1965 1964 1504 1984 1924 1024 1781 1000 1629 1863 1347 1997 1429 1764 1938 1530 1375 1017 1506 1822 1952 1813 1987 1980 1130 1472 1853 1788 1405 1720 1951 1243 1743 1204 1262 1679 1872 1947 1305 1473 1769 1915 1414 1904 1253 1161 1873 1529 1666 1866 1759 1142 1035 1489 1014 1777 1908 1404 1393 1140 1931 1851 1707 1420 1113 1301 1830 1504 1531 1205 1955 BCNSPRNW ULIB Ver.6.0+V

เปลี่ยนเป็นภาษาไทย

Change to English
 แสดงรายละเอียดบรรณานุกรม
  กลับหน้าหลัก

Brief Record : Get Marc (ISO 2709) : E-mail record : QR code < ปิดหน้าต่าง
LEADER : 00000nam 2200000uu 4500
001    13399126199
003     ULIB
008    180716s2015||||th 000 0 tha d
020    ^a9781107464438
050 00 ^aPE1128^bC172^cV.10
245 10 ^aCambridge practice tests for IELTS 10
260    ^aCambridge :^bCambridge University Press,^c2015
300    ^a179 p.:^bill. ;^c25 cm.
650 00 ^aInternational English Language Testing System.
650 00 ^aEnglish language^xExaminations, questions, etc.
650 00 ^aEnglish language^xTextbooks for foreign speakers
945    ^p0^l0^i26417
999    ^aกัณชพร จุลอักษร
รายการนี้ยังไม่มีแท็ก
คุณยังไม่ได้ล็อกอิน คุณสามารถมีกิจกรรมร่วมกับเว็บไซต์ได้ แต่ต้องล็อกอินก่อน ::
  ล็อกอิน

รายการสื่อสารสนเทศ

ลำดับที่ ประเภท เลขเรียก/บาร์โค้ด สถานที่ สถานะ
1. วิทยาศาสตร์การแพทย์ และสุขภาพ
วิทยาศาสตร์การแพทย์ และสุขภาพ
PE1128 C172 V.10 ฉ.1 
  Barcode: 26417
ห้องสมุดวิทยาเขตนครสวรรค์
►หนังสือทั่วไป:l:General Books
บนชั้น

รายการใกล้เคียง
    ชื่อเรื่อง [Cambridge practice tests for IELTS 10]

    หัวเรื่อง [International English Language Testing System.]

BibComment


ยังไม่เคยถูกคอมเมนท์

คอมเมนท์ทรัพยากรรายการนี้
  คอมเมนท์: Cambridge practi..


 Copyright 2026. Bcnsprnw @Library